000 00721nam a2200277Ia 4500
005 20260320195909.0
008 008 262003s9999 xx 000 0 hin d
020 _a9788126730926
037 _aEBOOK
040 _aCRL
040 _bhin
040 _cCRL
041 _2hin
041 _ahin
084 _qCRL
100 _aउदयन वाजपेई
_91132900
245 0 _aकवि का मार्ग : कमलेश से संवाद
250 _a1st
260 _bRajkamal
260 _c2018
300 _a142
856 _uhttps://ebook.indiaread.in/pdfs/kavi_ka_marg_kamaesh_se_samvad_by_udyan_vajpeyi.pdf
942 _cEBOOK
999 _c1717068
_d1717068